| 000 | 00509nam a2200193Ia 4500 | ||
|---|---|---|---|
| 005 | 20250508154919.0 | ||
| 008 | 008 250505s9999 xx 000 0 eng d | ||
| 037 | _aTextual | ||
| 040 |
_aFEDL _beng _cFEDL |
||
| 041 |
_aeng _2eng |
||
| 084 |
_a150, BAL _qFEDL |
||
| 100 |
_aBaller W R _9766379 |
||
| 245 | 0 | _aPsychology of human growth and development | |
| 300 | _a468p | ||
| 650 | _aPsychology | ||
| 700 |
_a Charles D C _9766380 |
||
| 942 |
_cTEXL _h150, BAL |
||
| 999 |
_c1352783 _d1352783 |
||